| 000 | 00424nam a22001697a 4500 | ||
|---|---|---|---|
| 005 | 20160527092954.0 | ||
| 008 | 160527b xxu||||| |||| 00| 0 eng d | ||
| 020 | _a981-243-699-5 | ||
| 041 | _aeng | ||
| 082 | _b5365 | ||
| 100 |
_aStrong, Robert A. _91343 |
||
| 245 | _aPort folio Construction, Mgt. & Protection | ||
| 260 |
_aNew Delhi _bAcademic Faundation |
||
| 300 | _a623 | ||
| 650 |
_aManagement _9241 |
||
| 942 | _cBK | ||
| 999 |
_c1899 _d1898 |
||